[Event "Dublin Masters op"]
[Site "Dublin"]
[Date "2021.09.11"]
[Round "2"]
[White "Carroll, Peter"]
[Black "Murray, Benjamin"]
[Result "1-0"]
[WhiteElo "2059"]
[BlackElo "1709"]
[PlyCount "83"]
[EventDate "2021.09.10"]
[EventType "swiss"]
[EventRounds "5"]
[EventCountry "IRL"]
[SourceTitle "CBM 204 Extra"]
[Source "ChessBase"]
[SourceDate "2021.11.30"]
[SourceVersion "1"]
[SourceVersionDate "2021.11.30"]
[SourceQuality "1"]

1. e4 e6 2. d4 d5 3. Nc3 Bb4 4. e5 c5 5. a3 Bxc3+ 6. bxc3 Ne7 7. Qg4 cxd4 8. Qxg7 Rg8 9. Qxh7 Qc7 10. Ne2 Nbc6 11. f4 Bd7 12. h4 0-0-0 13. Qd3 dxc3 14. h5 Nf5 15. Rb1 d4 16. Rg1 Nh6 17. g4 Nxg4 18. Bg2 Be8 19. Qh7 d3 20. cxd3 Qa5 21. Rb3 Bd7 22. Rxc3 Kb8 23. Qe4 Qb6 24. d4 Ne7 25. Qc2 Bc6 26. Rb3 Qc7 27. Bxc6 Nxc6 28. Rbg3 f5 29. exf6 Nxf6 30. h6 Rh8 31. Rg7 Qa5+ 32. Bd2 Qh5 33. f5 Qxf5 34. Qxf5 exf5 35. R1g6 Rdf8 36. Bf4+ Ka8 37. Bd6 Re8 38. Rxf6 Nxd4 39. Re7 Nxe2 40. Kxe2 Rxe7+ 41. Bxe7 Re8 42. Rf8 1-0

[Event "IRL-ch 100th"]
[Site "Dublin"]
[Date "2021.08.04"]
[Round "5"]
[White "Carroll, Peter"]
[Black "Kanyamarala, Trisha"]
[Result "1-0"]
[WhiteElo "2059"]
[BlackElo "2180"]
[PlyCount "91"]
[EventDate "2021.07.31"]
[EventType "swiss"]
[EventRounds "9"]
[EventCountry "IRL"]
[SourceTitle "CBM 203 Extra"]
[Source "ChessBase"]
[SourceDate "2021.09.30"]
[SourceVersion "1"]
[SourceVersionDate "2021.09.30"]
[SourceQuality "1"]

1. e4 c5 2. Nf3 d6 3. d4 cxd4 4. Nxd4 Nf6 5. Nc3 Nc6 6. Bg5 e6 7. Qd2 a6 8. 0-0-0 Bd7 9. f4 Qc7 10. Kb1 Be7 11. Bxf6 gxf6 12. Nxc6 Bxc6 13. f5 b5 14. Bd3 Qb7 15. Rhe1 0-0-0 16. Ne2 Qb6 17. Nf4 Bd7 18. g4 Kb8 19. c3 a5 20. Bc2 a4 21. a3 Bc8 22. Ka1 d5 23. exd5 e5 24. Nh5 h6 25. Bb1 Bb7 26. Ba2 Rd7 27. Re2 Rhd8 28. Qxh6 Bxd5 29. Rxe5 Bxa2 30. Rxd7 Rxd7 31. Kxa2 Qc6 32. Re1 Qc4+ 33. Ka1 Qb3 34. Qf4+ Kc8 35. Qf3 b4 36. axb4 a3 37. Qa8+ Kc7 38. Qxa3 Qc4 39. Qa7+ Kc8 40. Qa8+ Kc7 41. Ng3 Kb6 42. Qa5+ Kb7 43. Ne4 Kb8 44. Qb6+ Rb7 45. Nd6 Bxd6 46. Re8+ 1-0

[Event "Titled Tuesday intern op 23rd Mar"]
[Site "Chess.com INT"]
[Date "2021.03.23"]
[Round "7"]
[White "Carroll, Peter"]
[Black "Roque Sola, Gisela"]
[Result "1-0"]
[WhiteElo "2059"]
[BlackElo "2046"]
[PlyCount "57"]
[EventDate "2021.03.23"]
[EventType "swiss (blitz)"]
[EventRounds "11"]
[EventCountry "USA"]
[SourceTitle "CBM 201 Extra"]
[Source "ChessBase"]
[SourceDate "2021.05.31"]
[SourceVersion "1"]
[SourceVersionDate "2021.05.31"]
[SourceQuality "1"]

1. d4 e6 2. e3 Nf6 3. Bd3 c5 4. c3 Nc6 5. f4 b6 6. Nf3 Be7 7. 0-0 Bb7 8. Ne5 d6 9. Ng4 0-0 10. Nd2 Nxg4 11. Qxg4 f5 12. Qh5 Qe8 13. Qh3 cxd4 14. exd4 Bf6 15. Nf3 Rc8 16. Bd2 Na5 17. Rae1 Qd7 18. g4 g6 19. g5 Bg7 20. b3 Nc6 21. Re2 Ne7 22. Rfe1 Nd5 23. c4 Nc7 24. Bc3 Rce8 25. Qg3 Qc6 26. Re3 b5 27. h4 bxc4 28. bxc4 Ba6 29. Nd2 1-0

[Event "FIDE World Uni Blitz-A 1st"]
[Site "Tornelo INT"]
[Date "2021.03.13"]
[Round "6.35"]
[White "Burignat, Yohan"]
[Black "Carroll, Peter"]
[Result "0-1"]
[WhiteElo "1712"]
[BlackElo "2059"]
[PlyCount "94"]
[EventDate "2021.03.13"]
[EventType "swiss (blitz)"]
[EventRounds "10"]
[EventCountry "NET"]
[SourceTitle "EXT 2022"]
[Source "ChessBase"]
[SourceDate "2021.10.06"]
[SourceVersion "1"]
[SourceVersionDate "2021.10.06"]
[SourceQuality "1"]

1. d4 e5 2. dxe5 Bc5 3. e3 d6 4. Nf3 Nc6 5. Bb5 Nge7 6. 0-0 0-0 7. exd6 Bxd6 8. Re1 Bg4 9. h3 Bh5 10. Nbd2 Ne5 11. Be2 Bg6 12. b3 Nd5 13. Bb2 Nc6 14. Nc4 Bb4 15. Rf1 Bc3 16. Bd3 Bxb2 17. Nxb2 Nc3 18. Qd2 Ne4 19. Bxe4 Bxe4 20. Rad1 Qe7 21. Nd4 Ne5 22. f3 Bg6 23. Nd3 c5 24. Nxe5 Qxe5 25. Ne2 Rfe8 26. e4 f5 27. f4 Qxe4 28. Ng3 Qe3+ 29. Qxe3 Rxe3 30. Rd5 Rxg3 31. Rxc5 Rd8 32. Rc7 Re3 33. Rf2 Rd1+ 34. Kh2 Ra1 35. Rxb7 Rxa2 36. c4 Rxf2 37. c5 Ree2 38. c6 Rxg2+ 39. Kh1 Rh2+ 40. Kg1 Reg2+ 41. Kf1 Be8 42. Rb8 Kf7 43. Rb7+ Ke6 44. c7 Bd7 45. Rxa7 Rc2 46. Ra6+ Ke7 47. Ra7 Rc1# 0-1

[Event "FIDE World Uni Blitz-A 1st"]
[Site "Tornelo INT"]
[Date "2021.03.13"]
[Round "7.35"]
[White "Carroll, Peter"]
[Black "Nagornyy, Dmitry"]
[Result "0-1"]
[WhiteElo "2059"]
[BlackElo "1926"]
[PlyCount "56"]
[EventDate "2021.03.13"]
[EventType "swiss (blitz)"]
[EventRounds "10"]
[EventCountry "NET"]
[SourceTitle "EXT 2022"]
[Source "ChessBase"]
[SourceDate "2021.10.06"]
[SourceVersion "1"]
[SourceVersionDate "2021.10.06"]
[SourceQuality "1"]

1. d4 Nf6 2. Bf4 g6 3. Nc3 Bg7 4. e4 d6 5. Qd2 a6 6. 0-0-0 b5 7. f3 Nbd7 8. h4 h5 9. Nh3 c5 10. d5 Qa5 11. Kb1 c4 12. Ne2 b4 13. Nd4 c3 14. Nc6 Qb6 15. Qd3 Nc5 16. Qc4 cxb2 17. e5 dxe5 18. Be3 Nfd7 19. Ng5 Bb7 20. Nxb4 Rc8 21. d6 e6 22. Nd3 e4 23. Nxc5 Rxc5 24. Bxc5 Qxc5 25. Qxc5 Nxc5 26. Nxe4 Bxe4 27. fxe4 Nxe4 28. c4 Nf2 0-1